Queen and country : the fifty-year reign of Elizabeth II

Bibliographic Details
Main Author: Shawcross, William
Format: Book
Published: NY : Simon & Schuster , 2002
Subjects:

MARC

LEADER 00000cam a2200000 7i4500
001 0000047379
005 20150514.0
008 150514
020 |a 0743226763 
020 |a 9780743226769 
090 0 0 |a 942.0850924   |b SHA 
100 1 |a Shawcross, William 
245 1 0 |a Queen and country :   |b the fifty-year reign of Elizabeth II   |c William Shawcross 
260 |a NY :   |b Simon & Schuster ,   |c 2002 
650 0 |a Audiobooks 
650 0 |a Elizabeth II, Queen of Great Britain,1926 
650 0 |a Elizabeth II, Queen of Great Britain,1926   |x Family 
650 0 |a Great Britin   |x kings & rules   |x Biography 
650 0 |a Queens   |z Great Britain   |x Biography 
650 0 |a Windsor, house of 
999 |a 0001349098   |b Book   |c Adult Collection   |e Perbadanan Perpustakaan Awam Johor